Score 0/38 Timer 10:00
0 Plays Today
% Correct
Dudley Demented
87.5%
The Hogwarts High Inquisitor
86.3%
The Hearing
85%
In the Hog's Head
83.8%
The Centaur and the Sneak
83.8%
Luna Lovegood
82.5%
Beyond the Veil
82.5%
Edcucational Decree Number Twenty-Four
81.3%
Occlumency
81.3%
The Only One He Ever Feared
81.3%
Professor Umbridge
80%
The Lost Prophecy
78.8%
St. Mungo's Hospital for Magical Maladies and Injuries
77.5%
Fight and Flight
77.5%
The Noble and Most Ancient House of Black
76.3%
Number Twelve, Grimmauld Place
73.8%
Out of the Fire
73.8%
Hagrid's Tale
71.3%
O.W.L.s
70%
% Correct
The Sorting Hat's New Song
68.8%
Christmas on the Closed Ward
67.5%
The Ministry of Magic
66.3%
Seen and Unforeseen
66.3%
Career Advice
66.3%
The Woes of Mrs. Weasley
63.8%
The Advance Guard
61.3%
Grawp
61.3%
Detention with Dolores
60%
Snape's Worst Memory
60%
The Second War Begins
56.3%
The Order of the Phoenix
55%
A Peck of Owls
50%
Percy and Padfoot
50%
The Eye of the Snake
48.8%
The Lion and the Serpent
47.5%
Dumbledore's Army
45%
The Beetle at Bay
43.8%
The Department of Mysteries
40%
Remove Ads.
Support Sporcle.
Get the best of Sporcle when you Go Orange. This ad-free experience offers more features, more stats, and more fun while also helping to support Sporcle. Thank you for becoming a member.

You're not logged in!

Compare scores with friends on all Sporcle quizzes.
OR
Log In

Show Comments

Extras

Created Dec 11, 2018ReportNominate
Tags:Harry Potter Quiz

Top Quizzes Today


Score Distribution

Your Account Isn't Verified!

In order to create a playlist on Sporcle, you need to verify the email address you used during registration. Go to your Sporcle Settings to finish the process.

Report this User

Report this user for behavior that violates our Community Guidelines.

Details: